| 000 | 01145cab a2200349 4500 | ||
|---|---|---|---|
| 001 | ABS59080 | ||
| 008 | 090401t1998 xxu||||| |||| 00| 0 eng d | ||
| 035 | _a(Sirsi) u87401 | ||
| 041 | _aeng | ||
| 245 | _aFocus `98: Leisure | ||
| 260 | _c1998 | ||
| 350 | _a0 | ||
| 490 |
_aEstates Gazette _v(9827) 4 July 1998, 79-113(13) |
||
| 520 | _aSpecial report on leisure reviewing the complex issues that surround the mix of leisure and retail uses, `urban entertainment centres`, hotel conversions and, tourist development in the Caribbean. Includes a report on the West London Inward Investment Agency and Whitbread leisure conference. | ||
| 650 | _aCARIBBEAN | ||
| 650 | _aDEVELOPERS | ||
| 650 | _aFAMILY ENTERTAINMENT CENTRES | ||
| 650 | _aHOTEL CONVERSIONS | ||
| 650 | _aLEASES | ||
| 650 | _aLEISURE SECTOR | ||
| 650 | _aMULTIPLEX | ||
| 650 | _aOFFICES | ||
| 650 | _aRETAIL SECTOR | ||
| 650 | _aSERVICE CHARGES | ||
| 650 | _aTOURIST DEVELOPMENT | ||
| 650 | _aURBAN ENTERTAINMENT CENTRES | ||
| 650 | _aUSE CLASSES | ||
| 650 | _aWEST LONDON | ||
| 690 | _aLEISURE AND RECREATION | ||
| 942 | _n0 | ||
| 948 | _c14/07/1998 | ||
| 999 |
_c55113 _d55113 |
||